Introductory sanskrit reader: Improving reading fluency (Record no. 394338)

MARC details
000 -LEADER
fixed length control field 00517 a2200193 4500
005 - DATE & TIME
control field 20260430122318.0
008 - FIXED-LENGTH DATA ELEMENTS--GENERAL INFORMATION
fixed length control field 260430b |||||||| |||| 00| 0 eng d
020 ## - ISBN
International Standard Book Number 9789360801274
Price Rs. 1595.00
040 ## - CATALOGING SOURCE
Original cataloging agency VIVEKANANDA LIBRARY
082 ## - DDC NUMBER
Classification number 491.25
Book Number R879I
100 ## - MAIN ENTRY--PERSONAL NAME
Personal name Ruppel, Antonia M
245 ## - TITLE STATEMENT
Title Introductory sanskrit reader: Improving reading fluency
260 ## - PUBLICATION, DISTRIBUTION, ETC. (IMPRINT)
Name of publisher, distributor, etc Manohar Publishers
Date of publication, distribution, etc 2025
Place of publication, distribution, etc New Delhi
300 ## - PHYSICAL DESCRIPTION
Pages xx, 290
650 ## - Subject
Subject Language
650 ## - Subject
Subject Sanskrit Language
650 ## - Subject
Subject Readers
942 ## - ADDED ENTRY ELEMENTS (KOHA)
Koha item type Books
Holdings
Withdrawn status Lost status Source of classification or shelving scheme Damaged status Not for loan Location (home branch) Sublocation or collection (holding branch) Shelving location Date acquired Koha issues (times borrowed) Koha full call number Accession No. Koha date last seen Koha item type
    Dewey Decimal Classification     VIVEKANANDA LIBRARY VIVEKANANDA LIBRARY Vivekananda Library 05/02/2026   491.25 R879I 438127 05/02/2026 Books
© Designed and Maintained by Vivekananda Library, MDU Rohtak